| 000 | 00775nam a22001937a 4500 | ||
|---|---|---|---|
| 999 |
_c6992 _d6992 |
||
| 003 | AR-CdUCM | ||
| 008 | 190319b ||||| |||| 00| 0 spa d | ||
| 020 | _a-84-241-5603-X | ||
| 040 |
_aMUNICIPALIDAD PROVINCIAL DEL CUSCO _cBIBLIOTECA MUNICIPAL DEL CUSCO |
||
| 082 |
_25ed. _a580 / _bA78 |
||
| 100 |
_aArtero García, José María _919711 |
||
| 245 | _aIntroducción al Mundo de las plantas / | ||
| 260 |
_aEspaña : _bEverest, _c1981. |
||
| 300 |
_a170 paginas ; _bIIustraciones, _c25 cm. |
||
| 505 | _aContenido : Introducción a la botánica --Plantas con flores : La judía --El cerezo --El tulipán --Los cereales --El pino --Raíz, tallo y hoja --Fisiología de la raíz, el tallo y la hoja ... | ||
| 650 |
_aBotánica _92790 |
||
| 942 |
_2ddc _cLIBROS |
||
| 945 | _arjall | ||